Music therapy perspectives

Bibliographic Details
Corporate Author: National Association for Music Therapy
Format: Electronic Serial
Language:English
Published: Washington, DC : National Association for Music Therapy, [©1982]-
Subjects:
Online Access:Full text available from Research Library: 01/01/2004 to 01/31/2016

MARC

LEADER 00000nas a2200000 a 4500
001 ssj0025562
003 WaSeSS
005 20200512172242.0
006 m d
007 cr n
008 820916c19829999dcuuu s 0 a0eng
010 |a  82645407  
016 7 |a 8813580  |2 DNLM 
016 7 |a SR0063542  |2 DNLM 
016 7 |a 012413776  |2 Uk 
022 |l 0734-6875  |y 0734-6875 
035 |a (WaSeSS)ssj0025562 
040 |a DLC  |b eng  |c DLC  |d NSD  |d DLC  |d NST  |d NLM  |d NST  |d IUL  |d DLC  |d OCLCQ  |d UKMGB  |d OCLCO  |d OCLCQ  |d DLC  |d OCLCF  |d OCLCQ  |d OCLCO  |d OCLCA  |d WaSeSS 
042 |a pcc  |a nsdp 
050 0 0 |a ML3920  |b .M8995 
060 0 0 |a W1  |b MU972FK 
082 0 |a 615.8/5154/05 
210 0 |a Music ther. perspect. 
222 0 |a Music therapy perspectives 
245 0 0 |a Music therapy perspectives  |h [electronic resource]. 
260 |a Washington, DC :  |b National Association for Music Therapy,  |c [©1982]- 
362 0 |a Vol. 1, no. 1 (spring/summer 1982)- 
500 |a Title from cover. 
500 |a Some issues accompanied by CD-ROMs. 
506 |a License restrictions may limit access. 
588 |a To be published by Oxford University Press in United Kingdom, with 2014 issue.  |5 DLC 
588 |a Latest issue consulted: Vol. 2, no. 1 (fall 1984). 
650 0 |a Music therapy  |v Periodicals. 
650 7 |a Music therapy.  |2 fast  |0 (OCoLC)fst01030628 
650 2 |a Music Therapy. 
655 0 |a Electronic journals. 
710 2 |a National Association for Music Therapy. 
850 |a AU  |a DLC  |a DNLM  |a INS  |a IaU  |a InU  |a KyU  |a PPiD 
856 4 0 |z Full text available from Research Library: 01/01/2004 to 01/31/2016  |u https://search.proquest.com/publication/43570